000 00698nam a2200193Ia 4500
003 GCL
008 140319s9999 xx 000 0 ara d
020 _a4023707977
040 _aGCL /
_cGCL
082 0 4 _aق
_b923.2
_bع م
100 1 _aعلاء الحديدى
245 1 0 _aمصطفى النحاس :
_bدراسة فى الزعامة السياسية المصرية /
_cعلاء الحديدى
260 _aالقاهرة :
_bدار الهلال للطباعة والنشر ،
_c1992
300 _a337 ص
650 0 4 _aمعاهدة 1936
650 0 4 _aالزعماءالسياسيون
650 0 4 _aمصر - تاريخ - العصر الحديث - مصطفى النحاس
942 _2ddc
_cBK
999 _c35250
_d35250